La obligación alimentaria en las uniones convivenciales : (Registro nro. 5782)
[ vista simple ]
| 000 -LEADER | |
|---|---|
| fixed length control field | 00985nab a22002177a 4500 |
| 003 - CONTROL NUMBER IDENTIFIER | |
| control field | OSt |
| 005 - DATE AND TIME OF LATEST TRANSACTION | |
| control field | 20260106134049.0 |
| 008 - FIXED-LENGTH DATA ELEMENTS--GENERAL INFORMATION | |
| fixed length control field | 190514b xxu||||| |||| 00| 0 spa d |
| 040 ## - CATALOGING SOURCE | |
| Transcribing agency | PJ |
| 100 ## - MAIN ENTRY--PERSONAL NAME | |
| 9 (RLIN) | 4332 |
| Personal name | Pellegrini, María Victoria |
| 245 13 - TITLE STATEMENT | |
| Title | La obligación alimentaria en las uniones convivenciales : |
| Remainder of title | ¿solo durante la convivencia? / |
| Statement of responsibility, etc | María Victoria Pellegrini. |
| 300 ## - PHYSICAL DESCRIPTION | |
| Extent | p. 83-92 |
| 505 ## - FORMATTED CONTENTS NOTE | |
| Formatted contents note | Sumario: I. Introducción.— II. La norma y sus fundamentos (sintetizados).— III. Aportes doctrinarios y jurisprudenciales.— IV. Una interpretación posible y con final abierto. |
| 505 ## - FORMATTED CONTENTS NOTE | |
| Title | Si te interesa el texto, comunicate a koha@justierradelfuego.gov.ar |
| 650 #0 - SUBJECT ADDED ENTRY--TOPICAL TERM | |
| 9 (RLIN) | 967 |
| Topical term or geographic name as entry element | DERECHO DE FAMILIA |
| 650 #0 - SUBJECT ADDED ENTRY--TOPICAL TERM | |
| Topical term or geographic name as entry element | CODIGO CIVIL Y COMERCIAL |
| 9 (RLIN) | 1497 |
| 650 #0 - SUBJECT ADDED ENTRY--TOPICAL TERM | |
| Topical term or geographic name as entry element | UNIONES CONVIVENCIALES |
| 9 (RLIN) | 1053 |
| 650 #0 - SUBJECT ADDED ENTRY--TOPICAL TERM | |
| Topical term or geographic name as entry element | OBLIGACION ALIMENTARIA |
| 9 (RLIN) | 1074 |
| 773 0# - HOST ITEM ENTRY | |
| Host Biblionumber | 2844 |
| Host Itemnumber | 3222 |
| Place, publisher, and date of publication | Buenos Aires : AbeledoPerrot, 1989- |
| Title | Derecho de familia. N° 115 - Julio 2024 |
| International Standard Book Number | 18511201 |
| 942 ## - ADDED ENTRY ELEMENTS (KOHA) | |
| Source of classification or shelving scheme | |
| Koha item type | Analítica Artículo de Revista |
No hay ítems disponibles.
